000 00325nam a22001457a 4500
003 OSt
005 20220126101718.0
008 220126b |||||||| |||| 00| 0 eng d
020 _a8170082234
040 _cH U
082 _a621.31
100 _aRajput R. K.
_911664
245 _aElectrical Machines
942 _2ddc
_cBOOKS
_n0
999 _c27894
_d27894